Účasť odborov na riadení akosti

Bibliographic Details
Format: Article
Language:Slovak
Subjects:

MARC

LEADER 00000nab a2200000 a 4500
001 vtls000312830
003 SK-MaSNL
005 20260302215506.0
008 220422c1978 xo 0 slo
015 |a SNBRB19rr/mm-uuuuu 
035 |a CL0002922 
040 |a SNKBUCL  |b slo  |c SNKBUCL  |e AACR2 
041 0 |a slo 
044 |a xo  |c SK 
080 |a 331.88(437)  |2 1981 
080 |a 331.88(47  |2 1981 
080 |a 57)658.5  |2 1981 
245 0 0 |a Účasť odborov na riadení akosti 
610 2 7 |a Revolučné odborové hnutie  |2 SNKKA  |9 36449 
650 0 7 |a výroba  |2 snkbucl  |9 15916 
655 7 |a články z novín a časopisov  |2 snkbucl  |9 267496 
773 0 |t Odborár  |g Roč. 32, č. 3 (1978), s. 20-21 
850 |a Slovenská národná knižnica v Martine  |a MTA001 
852 |a SNK  |b KIS3GCP 
958 |a RK 
958 |a ME 
992 |a RBX 
999 |c 1502613  |d 1504543